000 00298nam a22001337a 4500
008 171031b xxu||||| |||| 00| 0 eng d
020 _a9780176252526
041 _aeng
080 _22ND
_a33
100 _a59
101 _aBUS
245 _aTHE FUTURE OF BUSINESS
_cALTHOUSE,N.R
942 _2udc
_cBK
999 _c36878
_d36878